| 000 | 00496nam a22001577a 4500 | ||
|---|---|---|---|
| 008 | 110916t xxu||||| |||| 00| 0 eng d | ||
| 020 | _a2-88049-097-9 | ||
| 040 |
_aBUAC _cCDIRSP |
||
| 041 | _aFr | ||
| 100 |
_aMORABIA, Alfred _918663 |
||
| 245 |
_aEpidémiologie causale _b : principes, exemples, théorie |
||
| 260 |
_aGenève : _bEditions Médecine et Hygiène _c1996 |
||
| 300 | _a174 p. | ||
| 653 |
_aEpidémiologie causale _aCause à effet _aPrincipes, exemples, théories |
||
| 942 | _cLIVR | ||
| 999 |
_c49710 _d49710 |
||